000 00606nam a2200157 i 4500
001 183897
003 ES-MaACL
005 20230906222010.0
008 141119s1901 sp |||| | spa d
100 1 _aUtor Sotomayor, Eduardo.
_9155933
245 1 0 _aSobre gimnástica escolar elemental é higiénica
_b: memoria leída... en la Universidad Central para optar al grado de doctor en medicina... /
_cpor Eduardo Utor Sotomayor.
260 _aAlgeciras :
_b[s.n.],
_c1901 (
_fEst. tip. de "El Porvenir")
300 _a41 p. ;
_c25 cm.
650 4 _aEduación física.
_912071
852 _aES-MaACL
_jT-1009-F-6
999 _c183897
_d183897